[Event "msr26ss"]
[Site "?"]
[Date "2026.03.26"]
[Round "3.22"]
[White "Havalda, Samuel"]
[Black "Moravcik, Alex"]
[Result "0-1"]
[BlackElo "1855"]
[WhiteElo "1914"]
[LiveChessVersion "1.4.8"]

1. e4 {[%clk 0:10:03]} c5 {[%clk 0:10:03]} 2. Nf3 {[%clk 0:10:04]} e6
{[%clk 0:10:04]} 3. c4 {[%clk 0:10:05]} Nc6 {[%clk 0:10:01]} 4. Nc3
{[%clk 0:10:06]} Nf6 {[%clk 0:09:41]} 5. Be2 {[%clk 0:10:07]} Be7
{[%clk 0:09:29]} 6. d4 {[%clk 0:10:08]} cxd4 {[%clk 0:09:27]} 7. Nxd4
{[%clk 0:10:09]} a6 {[%clk 0:09:17]} 8. Be3 {[%clk 0:10:10]} d6 {[%clk 0:09:06]}
9. O-O {[%clk 0:10:10]} O-O {[%clk 0:09:06]} 10. Qd2 {[%clk 0:10:11]} Qc7
{[%clk 0:09:02]} 11. b3 {[%clk 0:10:11]} b6 {[%clk 0:08:40]} 12. Na4
{[%clk 0:10:12]} Nxe4 {[%clk 0:08:19]} 13. Qc2 {[%clk 0:10:11]} Nc5
{[%clk 0:08:17]} 14. Nxc6 {[%clk 0:09:50]} Qxc6 {[%clk 0:08:16]} 15. Bf3
{[%clk 0:09:51]} d5 {[%clk 0:07:56]} 16. cxd5 {[%clk 0:09:49]} exd5
{[%clk 0:07:57]} 17. Bxd5 {[%clk 0:09:37]} Qxd5 {[%clk 0:07:52]} 18. Nxb6
{[%clk 0:09:38]} Qc6 {[%clk 0:07:35]} 19. Nxa8 {[%clk 0:09:38]} Bb7
{[%clk 0:07:37]} 20. f3 {[%clk 0:09:28]} Rxa8 {[%clk 0:07:21]} 21. Rac1
{[%clk 0:09:23]} Rc8 {[%clk 0:07:11]} 22. Qf2 {[%clk 0:07:06]} Qb5
{[%clk 0:06:44]} 23. Rfd1 {[%clk 0:04:42]} Ne6 {[%clk 0:05:37]} 24. Rxc8+
{[%clk 0:04:19]} Bxc8 {[%clk 0:05:38]} 25. Qc2 {[%clk 0:04:20]} Bb7
{[%clk 0:05:13]} 26. Qd3 {[%clk 0:03:56]} Bc5 {[%clk 0:04:16]} 27. Kf2
{[%clk 0:02:28]} Qxd3 {[%clk 0:03:59]} 28. Rxd3 {[%clk 0:02:28]} h6
{[%clk 0:03:58]} 29. Rd1 {[%clk 0:01:31]} Kf8 {[%clk 0:03:23]} 30. Bxc5+ Nxc5
{[%clk 0:03:23]} 31. b4 {[%clk 0:01:26]} Ne6 {[%clk 0:03:10]} 32. Rd7
{[%clk 0:01:06]} Bc6 {[%clk 0:03:10]} 33. Ra7 {[%clk 0:01:06]} Bb5
{[%clk 0:02:56]} 34. Ke3 {[%clk 0:01:07]} Nd8 {[%clk 0:02:38]} 35. g3
{[%clk 0:00:45]} Nc6 {[%clk 0:02:35]} 36. Rc7 {[%clk 0:00:44]} Nxb4
{[%clk 0:02:31]} 37. Rc8+ {[%clk 0:00:37]} Ke7 {[%clk 0:02:24]} 38. a3
{[%clk 0:00:38]} Nd5+ {[%clk 0:02:10]} 39. Kd4 {[%clk 0:00:39]} Kd7
{[%clk 0:01:25]} 40. Rg8 {[%clk 0:00:31]} Ne7 {[%clk 0:01:15]} 41. Rf8
{[%clk 0:00:11]} f6 {[%clk 0:01:04]} 42. Kc5 {[%clk 0:00:12]} Ke6
{[%clk 0:00:53]} 43. f4 {[%clk 0:00:11]} f5 {[%clk 0:00:49]} 44. Ra8
{[%clk 0:00:08]} Nd5 {[%clk 0:00:33]} 45. Rd8 {[%clk 0:00:06]} Nf6
{[%clk 0:00:22]} 46. Rd6+ {[%clk 0:00:07]} Ke7 {[%clk 0:00:20]} 47. Rb6
{[%clk 0:00:08]} Ne4+ {[%clk 0:00:19]} 48. Kd4 {[%clk 0:00:10]} Nf6
{[%clk 0:00:15]} 49. Ke5 {[%clk 0:00:11]} Nd7+ 50. Kd4 {[%clk 0:00:11]} Nxb6
{[%clk 0:00:16]} 51. Kc5 {[%clk 0:00:12]} Na4+ {[%clk 0:00:18]} 52. Kb4
{[%clk 0:00:14]} Ke6 {[%clk 0:00:19]} 53. Ka5 {[%clk 0:00:15]} 0-1

[Event "msr26ss"]
[Site "?"]
[Date "2026.03.26"]
[Round "3.23"]
[White "Slosiar, Adam"]
[Black "Piussi, Maximilian"]
[Result "0-1"]
[BlackElo "1699"]
[WhiteElo "1645"]
[LiveChessVersion "1.4.8"]

1. e4 {[%clk 0:10:02]} c5 {[%clk 0:10:03]} 2. Nf3 {[%clk 0:10:03]} d6
{[%clk 0:10:02]} 3. d4 {[%clk 0:10:03]} cxd4 {[%clk 0:10:02]} 4. Nxd4
{[%clk 0:10:04]} Nf6 {[%clk 0:10:02]} 5. Nc3 {[%clk 0:10:05]} a6 {[%clk 0:10:03]}
6. Bg5 {[%clk 0:10:00]} e6 {[%clk 0:10:02]} 7. Bc4 {[%clk 0:09:57]} b5
{[%clk 0:09:46]} 8. Bb3 {[%clk 0:09:47]} Bb7 {[%clk 0:09:43]} 9. f3
{[%clk 0:09:38]} Be7 {[%clk 0:09:32]} 10. Nde2 {[%clk 0:09:22]} Nbd7
{[%clk 0:09:04]} 11. O-O {[%clk 0:09:04]} O-O {[%clk 0:08:44]} 12. Kh1
{[%clk 0:08:40]} h6 {[%clk 0:08:36]} 13. Bh4 {[%clk 0:08:40]} Rc8
{[%clk 0:08:37]} 14. Qd3 {[%clk 0:08:06]} Nc5 {[%clk 0:08:37]} 15. Qe3
{[%clk 0:08:00]} Qc7 {[%clk 0:07:30]} 16. Nd4 {[%clk 0:06:55]} Nxb3
{[%clk 0:06:57]} 17. cxb3 {[%clk 0:06:54]} d5 {[%clk 0:06:39]} 18. exd5
{[%clk 0:06:44]} Nxd5 {[%clk 0:06:31]} 19. Nxd5 {[%clk 0:06:32]} Bxd5
{[%clk 0:06:31]} 20. Bxe7 {[%clk 0:06:18]} Qxe7 {[%clk 0:06:32]} 21. Rac1
{[%clk 0:06:15]} Qb4 {[%clk 0:06:21]} 22. Ne2 {[%clk 0:05:38]} a5
{[%clk 0:05:32]} 23. Qd4 {[%clk 0:05:14]} Qxd4 {[%clk 0:03:39]} 24. Nxd4
{[%clk 0:05:13]} b4 {[%clk 0:03:37]} 25. Nb5 {[%clk 0:05:10]} Rb8
{[%clk 0:03:06]} 26. Rc5 {[%clk 0:04:59]} a4 {[%clk 0:02:55]} 27. bxa4
{[%clk 0:04:10]} Bxa2 {[%clk 0:02:55]} 28. Ra1 {[%clk 0:04:06]} Rfd8
{[%clk 0:02:51]} 29. h3 {[%clk 0:04:02]} Bb3 {[%clk 0:02:46]} 30. a5
{[%clk 0:03:58]} Rd5 {[%clk 0:02:27]} 31. Rxd5 {[%clk 0:03:49]} Bxd5
{[%clk 0:02:20]} 32. Nd4 {[%clk 0:03:35]} Kf8 {[%clk 0:02:13]} 33. a6
{[%clk 0:03:32]} Ke7 {[%clk 0:02:11]} 34. Nc2 {[%clk 0:03:21]} Kd6
{[%clk 0:02:03]} 35. a7 {[%clk 0:03:19]} Ra8 {[%clk 0:01:55]} 36. Nxb4
{[%clk 0:03:19]} Kc5 {[%clk 0:01:55]} 37. Nd3+ {[%clk 0:03:08]} Kb6
{[%clk 0:01:55]} 38. Ne5 {[%clk 0:02:58]} f5 {[%clk 0:01:43]} 39. Nd7+
{[%clk 0:02:48]} Kc7 {[%clk 0:01:40]} 40. Nc5 {[%clk 0:02:34]} Kb6
{[%clk 0:01:36]} 41. Nd7+ {[%clk 0:02:06]} Kc7 {[%clk 0:01:36]} 42. Ne5
{[%clk 0:01:45]} Kb7 {[%clk 0:01:33]} 43. Kh2 {[%clk 0:01:40]} Rxa7
{[%clk 0:01:33]} 44. Rxa7+ {[%clk 0:01:40]} Kxa7 {[%clk 0:01:34]} 45. Kg3
{[%clk 0:01:41]} Kb7 {[%clk 0:01:19]} 46. Kh4 {[%clk 0:01:33]} Kc7
{[%clk 0:01:18]} 47. Kh5 {[%clk 0:01:33]} Kd6 {[%clk 0:01:19]} 48. Nd3
{[%clk 0:01:29]} Bc4 {[%clk 0:01:17]} 49. Nf2 {[%clk 0:01:21]} Bf1
{[%clk 0:01:12]} 50. g4 {[%clk 0:01:21]} Bg2 {[%clk 0:01:10]} 51. f4
{[%clk 0:01:19]} fxg4 {[%clk 0:00:52]} 52. hxg4 {[%clk 0:01:20]} Ke7
{[%clk 0:00:53]} 53. Kg6 {[%clk 0:01:19]} Kf8 {[%clk 0:00:53]} 54. b4
{[%clk 0:01:20]} Bf1 {[%clk 0:00:52]} 55. Ne4 {[%clk 0:01:19]} Bd3
{[%clk 0:00:53]} 56. g5 {[%clk 0:00:50]} hxg5 {[%clk 0:00:52]} 57. Kxg5
{[%clk 0:00:43]} Bxe4 {[%clk 0:00:52]} 58. b5 {[%clk 0:00:43]} Ke7
{[%clk 0:00:49]} 59. b6 {[%clk 0:00:37]} Kd6 {[%clk 0:00:49]} 60. b7
{[%clk 0:00:35]} Kc7 {[%clk 0:00:49]} 61. Kg4 {[%clk 0:00:32]} Kxb7
{[%clk 0:00:49]} 62. Kg3 {[%clk 0:00:33]} Kc6 {[%clk 0:00:49]} 63. Kf2
{[%clk 0:00:34]} Kd5 {[%clk 0:00:49]} 64. Ke3 {[%clk 0:00:35]} Bb1
{[%clk 0:00:46]} 65. Kf3 {[%clk 0:00:36]} e5 {[%clk 0:00:44]} 66. fxe5
{[%clk 0:00:34]} Kxe5 {[%clk 0:00:44]} 67. Kg4 {[%clk 0:00:34]} Kf6
{[%clk 0:00:40]} 68. Kf4 {[%clk 0:00:35]} g5+ {[%clk 0:00:41]} 69. Kg4
{[%clk 0:00:35]} Kg6 {[%clk 0:00:42]} 70. Kg3 {[%clk 0:00:35]} Kf5
{[%clk 0:00:43]} 71. Kf3 {[%clk 0:00:36]} g4+ {[%clk 0:00:44]} 72. Kg3
{[%clk 0:00:36]} Kg5 {[%clk 0:00:45]} 73. Kg2 {[%clk 0:00:37]} Kf4
{[%clk 0:00:45]} 74. Kf2 {[%clk 0:00:38]} g3+ {[%clk 0:00:46]} 75. Kg1
{[%clk 0:00:38]} Kf3 {[%clk 0:00:45]} 76. Kf1 {[%clk 0:00:39]} Bd3+
{[%clk 0:00:45]} 77. Kg1 {[%clk 0:00:40]} g2 {[%clk 0:00:45]} 78. Kh2
{[%clk 0:00:39]} Kf2 {[%clk 0:00:45]} 79. Kh3 0-1

[Event "msr26ss"]
[Site "?"]
[Date "2026.03.26"]
[Round "3.24"]
[White "Havaldova, Natalia"]
[Black "Geskova, Zuzana"]
[Result "1-0"]
[BlackElo "1000"]
[WhiteElo "1552"]
[LiveChessVersion "1.4.8"]

1. e4 {[%clk 0:10:03]} e5 {[%clk 0:10:03]} 2. Nf3 {[%clk 0:10:04]} Nc6
{[%clk 0:10:04]} 3. Bc4 {[%clk 0:10:05]} Bc5 {[%clk 0:10:04]} 4. d3
{[%clk 0:10:04]} h6 {[%clk 0:10:05]} 5. Be3 {[%clk 0:10:05]} Nd4 {[%clk 0:10:04]}
6. Nbd2 {[%clk 0:10:05]} d6 {[%clk 0:10:03]} 7. O-O {[%clk 0:10:02]} Bg4
{[%clk 0:10:01]} 8. c3 {[%clk 0:10:00]} Ne6 {[%clk 0:09:26]} 9. d4
{[%clk 0:09:49]} exd4 {[%clk 0:09:22]} 10. cxd4 {[%clk 0:09:49]} Nxd4
{[%clk 0:09:15]} 11. Bxd4 {[%clk 0:08:47]} Bxd4 {[%clk 0:09:14]} 12. Qa4+
{[%clk 0:08:48]} Bd7 {[%clk 0:08:53]} 13. Bxf7+ {[%clk 0:08:31]} Kxf7
{[%clk 0:08:52]} 14. Qxd4 {[%clk 0:08:31]} Nf6 {[%clk 0:08:32]} 15. Rfd1
{[%clk 0:08:17]} Re8 {[%clk 0:08:31]} 16. e5 {[%clk 0:08:10]} dxe5
{[%clk 0:08:31]} 17. Nxe5+ {[%clk 0:08:10]} Kg8 {[%clk 0:08:19]} 18. Ndf3
{[%clk 0:07:51]} Re7 {[%clk 0:07:40]} 19. Ng6 Kf7 {[%clk 0:07:16]} 20. Nfe5+
{[%clk 0:07:40]} Rxe5 {[%clk 0:06:57]} 21. Nxe5+ {[%clk 0:07:35]} Ke8
{[%clk 0:06:27]} 22. Re1 {[%clk 0:07:16]} Kf8 {[%clk 0:05:30]} 23. Rad1
{[%clk 0:06:59]} b6 {[%clk 0:03:51]} 24. Nxd7+ {[%clk 0:06:59]} Nxd7
{[%clk 0:03:24]} 25. Qxd7 {[%clk 0:06:57]} Qf6 {[%clk 0:02:51]} 26. Re3
{[%clk 0:06:40]} Qxb2 {[%clk 0:02:33]} 27. Rf3+ {[%clk 0:06:37]} Kg8
{[%clk 0:01:38]} 28. Qf7+ {[%clk 0:06:17]} Kh8 {[%clk 0:01:28]} 29. h3
{[%clk 0:05:45]} Qc2 {[%clk 0:01:20]} 30. Re1 {[%clk 0:05:41]} Rd8
{[%clk 0:00:44]} 31. Rg3 {[%clk 0:05:39]} Rg8 {[%clk 0:00:36]} 32. Re8
{[%clk 0:04:40]} Rxe8 {[%clk 0:00:29]} 33. Qxe8+ {[%clk 0:04:40]} Kh7
{[%clk 0:00:21]} 34. Qf7 {[%clk 0:04:34]} Qb2 {[%clk 0:00:20]} 35. h4
{[%clk 0:04:08]} a5 {[%clk 0:00:21]} 36. h5 {[%clk 0:04:09]} Qb1+
{[%clk 0:00:05]} 37. Kh2 {[%clk 0:04:08]} Qb2 {[%clk 0:00:05]} 38. Re3
{[%clk 0:03:52]} Qf6 {[%clk 0:00:04]} 39. Qxf6 {[%clk 0:03:50]} gxf6
{[%clk 0:00:04]} 40. Re7+ {[%clk 0:03:51]} Kg8 {[%clk 0:00:05]} 41. Rxc7
{[%clk 0:03:51]} Kf8 {[%clk 0:00:06]} 42. Rb7 {[%clk 0:03:47]} f5
{[%clk 0:00:07]} 43. Rxb6 {[%clk 0:03:47]} f4 {[%clk 0:00:08]} 44. Rxh6
{[%clk 0:03:48]} f3 {[%clk 0:00:08]} 45. gxf3 {[%clk 0:03:47]} Ke7
{[%clk 0:00:09]} 46. Ra6 {[%clk 0:03:47]} Kd7 {[%clk 0:00:10]} 47. Rxa5
{[%clk 0:03:48]} Kc6 {[%clk 0:00:11]} 48. h6 {[%clk 0:03:49]} Kd7
{[%clk 0:00:11]} 49. h7 {[%clk 0:03:50]} Ke6 {[%clk 0:00:11]} 50. h8=Q
{[%clk 0:03:50]} Kf7 {[%clk 0:00:11]} 51. Qh6 {[%clk 0:03:49]} Ke8
{[%clk 0:00:10]} 52. Ra7 {[%clk 0:03:50]} Kd8 {[%clk 0:00:09]} 53. Qh8#
{[%clk 0:03:51]} 1-0